00438nam a2200169Ia 450000500170000000800410001702000180005804100080007608200150008410000170009924500290011626000410014530000090018650000280019565000280022370000170025120251121153744.0230125s9999 xx 000 0 und d a9788184951974 aeng a158.1bBUC aBuckingham M aFind Your Strongest Life c2011bJaico Publishing HouseaMumbai a263p aPersonality Development aPersonality Development aBuckingham M